[Event "4NCL Division 1 & 2"]
[Site "Milton Keynes, ENG"]
[Date "2021.11.27"]
[Round "1.11"]
[White "Walker, Martin G"]
[Black "Speelman, Jon S"]
[Result "0-1"]
[WhiteElo "2293"]
[BlackElo "2503"]
[PlyCount "96"]
[EventDate "2021.11.27"]
[WhiteTeam "Anglian Avengers"]
[BlackTeam "Wood Green"]

1. e4 c6 2. d4 d5 3. exd5 cxd5 4. c4 Nf6 5. Nc3 e6 6. Nf3 Bb4 7. cxd5 Nxd5 8.
Bd2 Nc6 9. Bd3 Be7 10. a3 Bf6 11. Be3 e5 12. dxe5 Nxe3 13. fxe3 Nxe5 14. Bb5+
Bd7 15. Nxe5 Bxe5 16. Qxd7+ Qxd7 17. Bxd7+ Kxd7 18. O-O-O+ Ke6 19. Nb5 Rhc8+
20. Kb1 Rd8 21. Nd4+ Ke7 22. Nf3 Bc7 23. Rhe1 Bb6 24. e4 h6 25. h3 Rac8 26. Ne5
Rxd1+ 27. Rxd1 Ke6 28. Nd3 Rc4 29. Re1 g6 30. Re2 a5 31. Nf4+ Ke5 32. Nd3+ Kd4
33. Nf4 Bc7 34. Nd5 Be5 35. Ne3 Rc5 36. Nc2+ Kd3 37. Re3+ Kd2 38. Rf3 f6 39.
Ne3 h5 40. Nf1+ Ke2 41. Ng3+ Ke1 42. h4 a4 43. Rf1+ Kd2 44. Rf2+ Kd3 45. Rf3+
Kd4 46. Nh1 Kxe4 47. Nf2+ Kd5 48. Nd3 Rc4 0-1

[Event "4NCL Division 1 & 2"]
[Site "Milton Keynes, ENG"]
[Date "2021.11.27"]
[Round "1.12"]
[White "Tan, Justin"]
[Black "Maycock Bates, David Henry"]
[Result "1-0"]
[WhiteElo "2527"]
[BlackElo "2175"]
[PlyCount "113"]
[EventDate "2021.11.27"]
[WhiteTeam "Wood Green"]
[BlackTeam "Anglian Avengers"]

1. d4 Nf6 2. c4 e6 3. Nf3 d5 4. g3 dxc4 5. Bg2 Nc6 6. O-O Rb8 7. e3 Be7 8. Qe2
b5 9. b3 O-O 10. bxc4 bxc4 11. Rd1 Ba6 12. Na3 Nd5 13. Re1 Bb4 14. Rf1 Qe7 15.
Nc2 Nc3 16. Qe1 Nxa2 17. Qd1 Nc3 18. Nxb4 Nxb4 19. Qe1 Ncd5 20. e4 Nd3 21. Qa5
N5b4 22. Bd2 Rb5 23. Qa3 c5 24. Qc3 Rb6 25. Be3 Rd8 26. Rfb1 cxd4 27. Bxd4 Na2
28. Qa5 Rxb1+ 29. Rxb1 Nab4 30. Bc3 Rb8 31. Bf1 Rb5 32. Qa4 Nc5 33. Qa3 Nbd3
34. Rxb5 Bxb5 35. Bxd3 cxd3 36. Bd4 Qb7 37. Qxc5 Bc6 38. Qe5 f6 39. Qxe6+ Kh8
40. Bxa7 h6 41. Nd2 Bd7 42. Qb6 Qc8 43. Qb8 g5 44. Qxc8+ Bxc8 45. Bd4 Kg7 46.
f3 h5 47. Kf2 Kg6 48. Ke3 Ba6 49. Nb3 f5 50. Nc5 fxe4 51. Nxa6 exf3 52. Kxd3
Kf5 53. Nc5 Kg4 54. Ne4 Kh3 55. Nxg5+ Kxh2 56. Bf2 Kg2 57. Ke3 1-0

[Event "4NCL Division 1 & 2"]
[Site "Milton Keynes, ENG"]
[Date "2021.11.27"]
[Round "1.13"]
[White "Kanellopoulos, Panayotis"]
[Black "Haria, Ravi"]
[Result "1/2-1/2"]
[WhiteElo "2265"]
[BlackElo "2497"]
[PlyCount "56"]
[EventDate "2021.11.27"]
[WhiteTeam "Anglian Avengers"]
[BlackTeam "Wood Green"]

1. c4 e6 2. g3 d5 3. Bg2 Nf6 4. Nf3 Be7 5. O-O O-O 6. b3 c5 7. cxd5 exd5 8. d4
Nc6 9. Bb2 Be6 10. Nc3 Rc8 11. Rc1 Ne4 12. dxc5 Nxc5 13. Nd4 Nxd4 14. Qxd4 Bf6
15. Qd2 d4 16. Ne4 Nxe4 17. Bxe4 Qb6 18. Qd3 g6 19. Qf3 Bg7 20. Bxb7 Rxc1 21.
Rxc1 Qa5 22. Ra1 Qd2 23. Rb1 Rd8 24. Qd3 Qa5 25. Qa6 Qd2 26. Qd3 Qa5 27. Qa6
Qd2 28. Qd3 Qa5 1/2-1/2

[Event "4NCL Division 1 & 2"]
[Site "Milton Keynes, ENG"]
[Date "2021.11.27"]
[Round "1.14"]
[White "Harvey, Marcus R"]
[Black "Scott, Gordon W"]
[Result "1-0"]
[WhiteElo "2468"]
[BlackElo "2237"]
[PlyCount "91"]
[EventDate "2021.11.27"]
[WhiteTeam "Wood Green"]
[BlackTeam "Anglian Avengers"]

1. Nf3 Nf6 2. g3 g6 3. b3 Bg7 4. Bb2 O-O 5. Bg2 d6 6. d4 e5 7. dxe5 Ng4 8. O-O
Nc6 9. Nbd2 Ngxe5 10. Qc1 Nxf3+ 11. Nxf3 Bf5 12. Nh4 Bg4 13. e3 Qd7 14. Bxg7
Kxg7 15. Qb2+ f6 16. Rae1 d5 17. Nf3 Qf5 18. Nd4 Nxd4 19. Qxd4 Bf3 20. Bxf3
Qxf3 21. e4 c6 22. Re3 Qg4 23. f3 Qe6 24. Rd1 Rfe8 25. Rde1 dxe4 26. Rxe4 Qf7
27. Qb4 a5 28. Qb6 Kg8 29. Rxe8+ Rxe8 30. Qxa5 Rxe1+ 31. Qxe1 Qd5 32. Kg2 g5
33. Qe8+ Kg7 34. Qe7+ Kg8 35. Qxf6 g4 36. Qf4 gxf3+ 37. Kf2 Qd1 38. Qb8+ Kg7
39. Qxb7+ Kh8 40. Qb8+ Kg7 41. Qe5+ Kg8 42. Qe4 Qd2+ 43. Kxf3 Qxh2 44. Qh4 Qg1
45. Qg5+ Kf7 46. Ke2 1-0

[Event "4NCL Division 1 & 2"]
[Site "Milton Keynes, ENG"]
[Date "2021.11.27"]
[Round "1.15"]
[White "Talsma, Paul"]
[Black "Aagaard, Jacob"]
[Result "0-1"]
[WhiteElo "2178"]
[BlackElo "2459"]
[PlyCount "38"]
[EventDate "2021.11.27"]
[WhiteTeam "Anglian Avengers"]
[BlackTeam "Wood Green"]

1. d4 Nf6 2. c4 g6 3. Nc3 Bg7 4. e4 d6 5. Be2 e5 6. dxe5 dxe5 7. Qxd8+ Kxd8 8.
f4 Be6 9. Nf3 Nc6 10. O-O h6 11. g3 Re8 12. Kg2 Kc8 13. Re1 Nd4 14. Bd3 Nd7 15.
Rb1 Nc5 16. Bf1 Nxf3 17. Kxf3 exf4 18. gxf4 Bxc3 19. bxc3 Bf5 0-1

[Event "4NCL Division 1 & 2"]
[Site "Milton Keynes, ENG"]
[Date "2021.11.27"]
[Round "1.16"]
[White "McPhillips, Joseph"]
[Black "Lewis, Andrew P"]
[Result "1/2-1/2"]
[WhiteElo "2419"]
[BlackElo "2252"]
[PlyCount "49"]
[EventDate "2021.11.27"]
[WhiteTeam "Wood Green"]
[BlackTeam "Anglian Avengers"]

1. e4 c5 2. c3 Nf6 3. Bd3 Nc6 4. Nf3 d6 5. h3 g6 6. O-O Bg7 7. Re1 O-O 8. Bf1
e5 9. d4 cxd4 10. cxd4 exd4 11. Nxd4 Re8 12. Nxc6 bxc6 13. Qa4 d5 14. Nc3 Nxe4
15. Nxe4 dxe4 16. Rxe4 Rxe4 17. Qxe4 Bf5 18. Qxc6 Rc8 19. Qa4 h5 20. Be3 Bxb2
21. Rd1 Qc7 22. Qxa7 Qxa7 23. Bxa7 Ra8 24. Bb6 Be6 25. Rd8+ 1/2-1/2

[Event "4NCL Division 1 & 2"]
[Site "Milton Keynes, ENG"]
[Date "2021.11.27"]
[Round "1.17"]
[White "Peck, Silas"]
[Black "Hunt, Harriet V"]
[Result "0-1"]
[WhiteElo "2080"]
[BlackElo "2410"]
[PlyCount "116"]
[EventDate "2021.11.27"]
[WhiteTeam "Anglian Avengers"]
[BlackTeam "Wood Green"]

1. e4 c6 2. d4 d5 3. e5 Bf5 4. Nf3 e6 5. Be2 Ne7 6. O-O Ng6 7. Nbd2 Nf4 8. Nb3
Nxe2+ 9. Qxe2 Be7 10. Bd2 Nd7 11. h3 h5 12. c4 dxc4 13. Qxc4 Nb6 14. Qc1 Qd5
15. Kh2 Nc4 16. Bc3 O-O-O 17. Ng5 Rdf8 18. f4 f6 19. Nf3 h4 20. Qe1 Bd3 21. Rf2
fxe5 22. Nxe5 Nxe5 23. dxe5 Qe4 24. Qd2 Rd8 25. Re1 Qg6 26. Qe3 Qg3+ 27. Kh1
Qxe3 28. Rxe3 Bc4 29. Re1 Rhf8 30. Rd2 Rxf4 31. Rxd8+ Bxd8 32. Nd4 Bb6 33. Nf3
Bd5 34. Bd2 Rc4 35. Bc3 Bd8 36. Nd4 b5 37. a3 a5 38. Rd1 g5 39. Be1 Bb6 40. Bf2
Bxd4 41. Rxd4 Rc2 42. Kg1 Rxb2 43. Rg4 b4 44. axb4 axb4 45. Rxg5 b3 46. Rg8+
Kd7 47. Rg7+ Ke8 48. Rb7 Rd2 49. Bxh4 b2 50. Be1 Rxg2+ 51. Kf1 Rc2 52. h4 Bc4+
53. Kg1 Bb5 54. h5 b1=Q 55. Rb8+ Kd7 56. Rb7+ Kc8 57. Rf7 Qxe1+ 58. Rf1 Qxf1#
0-1

[Event "4NCL Division 1 & 2"]
[Site "Milton Keynes, ENG"]
[Date "2021.11.27"]
[Round "1.18"]
[White "McDonald, Neil"]
[Black "Mullaparthi, Ganesh"]
[Result "1-0"]
[WhiteElo "2407"]
[BlackElo "1964"]
[PlyCount "59"]
[EventDate "2021.11.27"]
[WhiteTeam "Wood Green"]
[BlackTeam "Anglian Avengers"]

1. e4 c6 2. d4 d5 3. Nd2 dxe4 4. Nxe4 Bf5 5. Ng3 Bg6 6. h4 h6 7. Nf3 Nd7 8. h5
Bh7 9. Bd3 Bxd3 10. Qxd3 e6 11. Bd2 Be7 12. O-O-O Qc7 13. Qe2 O-O-O 14. Ne5
Nxe5 15. dxe5 Bc5 16. Ne4 Qxe5 17. f4 Qd4 18. c3 Qd5 19. c4 Qd4 20. Ba5 Qe3+
21. Qxe3 Bxe3+ 22. Kc2 Rxd1 23. Rxd1 Nf6 24. Nd6+ Kb8 25. Nxf7 Rf8 26. Ne5 Bxf4
27. Ng6 b6 28. Nxf8 bxa5 29. Nxe6 Nxh5 30. g4 1-0

[Event "4NCL Division 1 & 2"]
[Site "Milton Keynes, ENG"]
[Date "2021.11.27"]
[Round "1.21"]
[White "Lupulescu, Constantin"]
[Black "Bowcott-Terry, Finlay"]
[Result "1-0"]
[WhiteElo "2624"]
[BlackElo "2223"]
[PlyCount "63"]
[EventDate "2021.11.27"]
[WhiteTeam "Chess.com Manx Liberty"]
[BlackTeam "Warwickshire Select 1"]

1. d4 f5 2. Nc3 Nf6 3. Bg5 d5 4. e3 c6 5. Bd3 e6 6. Nf3 Bd6 7. Ne2 O-O 8. O-O
Nbd7 9. c4 Qe8 10. cxd5 cxd5 11. Bf4 Bxf4 12. exf4 Ne4 13. Rc1 Nb8 14. Ne5 Nc6
15. Bb5 Bd7 16. Bxc6 Bxc6 17. Nc3 Bb5 18. Re1 Ba6 19. Nxe4 fxe4 20. Qd2 Qe7 21.
f3 exf3 22. Nxf3 Qf6 23. g3 Rac8 24. Ne5 Qe7 25. Rc3 Qb4 26. Nd7 Rfe8 27. Nc5
Rc6 28. a3 Qa5 29. f5 Bc4 30. Nxe6 Qb6 31. Rce3 Rcc8 32. Re5 1-0

[Event "4NCL Division 1 & 2"]
[Site "Milton Keynes, ENG"]
[Date "2021.11.27"]
[Round "1.22"]
[White "Brooks, Phil J"]
[Black "Parligras, Mircea-Emilian"]
[Result "0-1"]
[WhiteElo "2175"]
[BlackElo "2576"]
[PlyCount "108"]
[EventDate "2021.11.27"]
[WhiteTeam "Warwickshire Select 1"]
[BlackTeam "Chess.com Manx Liberty"]

1. c4 c5 2. Nf3 Nc6 3. d4 cxd4 4. Nxd4 Nf6 5. Nc3 e6 6. e3 d5 7. cxd5 exd5 8.
Be2 Bd6 9. O-O O-O 10. Bf3 Be5 11. g3 Bh3 12. Re1 Qd7 13. b3 Rfe8 14. Nce2 Bg4
15. Bxg4 Qxg4 16. Bb2 Qh3 17. f3 h5 18. Nf4 Bxf4 19. gxf4 Rac8 20. Qe2 Nxd4 21.
Bxd4 Qf5 22. Rad1 Nd7 23. Qg2 f6 24. Rc1 a6 25. Qd2 Nf8 26. Rxc8 Rxc8 27. Rc1
Rxc1+ 28. Qxc1 Ng6 29. Qe1 Qd3 30. Qf2 Ne7 31. Qf1 Qc2 32. Qf2 Qb1+ 33. Kg2 Nf5
34. Bc5 Qd3 35. b4 b5 36. Kh3 Qc4 37. Kg2 Qd3 38. Kh3 Kh7 39. Kg2 Kh6 40. Kh3
Qc4 41. Kg2 a5 42. a3 a4 43. Qd2 Qb3 44. Qf2 Qd3 45. Kg1 Kh7 46. Kg2 Qxa3 47.
e4 dxe4 48. fxe4 Nh6 49. e5 Qd3 50. Qe1 Qc2+ 51. Kf3 Qxh2 52. Qb1+ Kg8 53. exf6
Qh3+ 54. Ke2 Qe6+ 0-1

[Event "4NCL Division 1 & 2"]
[Site "Milton Keynes, ENG"]
[Date "2021.11.27"]
[Round "1.23"]
[White "Cyborowski, Lukasz"]
[Black "Pitcher, John"]
[Result "1-0"]
[WhiteElo "2491"]
[BlackElo "2268"]
[PlyCount "79"]
[EventDate "2021.11.27"]
[WhiteTeam "Chess.com Manx Liberty"]
[BlackTeam "Warwickshire Select 1"]

1. c4 c6 2. e4 e5 3. Nf3 f5 4. Nxe5 Qf6 5. d4 d6 6. Nf3 fxe4 7. Ng5 Bf5 8. Nc3
Qe7 9. g4 Bg6 10. d5 Nf6 11. Bg2 h5 12. gxh5 Rxh5 13. Ne6 Re5 14. Bh3 cxd5 15.
cxd5 Na6 16. Rg1 Bf5 17. Bxf5 Rxf5 18. Rg5 Rxg5 19. Bxg5 Nc5 20. Bxf6 gxf6 21.
Qh5+ Kd7 22. Nxc5+ dxc5 23. Qf5+ Kc7 24. O-O-O Qe5 25. Qxe5+ fxe5 26. Nxe4 Bh6+
27. Kc2 Rf8 28. Rd3 Rf4 29. f3 b6 30. Kb3 Rh4 31. d6+ Kd8 32. Kc4 Rxh2 33. Kd5
Rxb2 34. Kc6 c4 35. Rc3 Rxa2 36. Rxc4 Bf8 37. Ng5 Ke8 38. d7+ Ke7 39. Ne6 Rd2
40. Rd4 1-0

[Event "4NCL Division 1 & 2"]
[Site "Milton Keynes, ENG"]
[Date "2021.11.27"]
[Round "1.24"]
[White "Mason, Donald J"]
[Black "Csonka, Balazs"]
[Result "0-1"]
[WhiteElo "2166"]
[BlackElo "2483"]
[PlyCount "60"]
[EventDate "2021.11.27"]
[WhiteTeam "Warwickshire Select 1"]
[BlackTeam "Chess.com Manx Liberty"]

1. e4 c5 2. Nf3 e6 3. d3 Nc6 4. g3 d5 5. Nbd2 Nf6 6. Bg2 Be7 7. O-O O-O 8. Re1
b5 9. e5 Nd7 10. Nf1 Bb7 11. h4 Qc7 12. Bf4 Rfc8 13. h5 h6 14. Qd2 a5 15. N1h2
Qd8 16. Ng4 Bf8 17. Nfh2 a4 18. Nxh6+ gxh6 19. Ng4 a3 20. Bxh6 axb2 21. Rab1
Rxa2 22. Qf4 Ra4 23. c4 bxc4 24. Bxd5 c3 25. Be4 Nd4 26. Bxf8 Qxf8 27. Nh6+ Kg7
28. Bxb7 Ne2+ 29. Rxe2 Rxf4 30. gxf4 Kxh6 0-1

[Event "4NCL Division 1 & 2"]
[Site "Milton Keynes, ENG"]
[Date "2021.11.27"]
[Round "1.25"]
[White "Galyas, Miklos"]
[Black "Paterson, Andrew I"]
[Result "1-0"]
[WhiteElo "2450"]
[BlackElo "2184"]
[PlyCount "53"]
[EventDate "2021.11.27"]
[WhiteTeam "Chess.com Manx Liberty"]
[BlackTeam "Warwickshire Select 1"]

1. c4 e6 2. g3 d5 3. Bg2 Nf6 4. Nf3 Be7 5. O-O O-O 6. b3 c5 7. e3 Nc6 8. Bb2 b6
9. Nc3 Bb7 10. cxd5 Nxd5 11. Nxd5 Qxd5 12. d4 Nb4 13. a3 Na6 14. e4 Qd8 15. Qe2
cxd4 16. Nxd4 Rc8 17. b4 Qc7 18. Rac1 Qb8 19. Nb5 Rfd8 20. Rfd1 Rxc1 21. Rxc1
Rd7 22. Rd1 Rxd1+ 23. Qxd1 Bc6 24. Qd3 Nc7 25. Qc3 Bf6 26. Qxc6 Bxb2 27. Qxc7
1-0

[Event "4NCL Division 1 & 2"]
[Site "Milton Keynes, ENG"]
[Date "2021.11.27"]
[Round "1.27"]
[White "Kolbus, Dietmar"]
[Black "Page, Mark E"]
[Result "1-0"]
[WhiteElo "2298"]
[BlackElo "2121"]
[PlyCount "57"]
[EventDate "2021.11.27"]
[WhiteTeam "Chess.com Manx Liberty"]
[BlackTeam "Warwickshire Select 1"]

1. c4 g6 2. Nc3 Bg7 3. d4 Nf6 4. e4 d6 5. Bd3 O-O 6. Nge2 Nc6 7. f3 Nd7 8. Be3
e5 9. d5 Nd4 10. Nb5 Nxe2 11. Qxe2 a6 12. Nc3 f5 13. O-O-O Nc5 14. Bc2 fxe4 15.
Nxe4 Nxe4 16. Bxe4 b5 17. c5 Bf5 18. h4 Bxe4 19. fxe4 Qe7 20. c6 Bf6 21. g3 b4
22. Rdf1 a5 23. Qg4 Kh8 24. h5 gxh5 25. Qxh5 Rf7 26. g4 Rg7 27. Qf5 Bg5 28.
Rxh7+ Rxh7 29. Bxg5 1-0

[Event "4NCL Division 1 & 2"]
[Site "Milton Keynes, ENG"]
[Date "2021.11.27"]
[Round "1.28"]
[White "Cooper, David M"]
[Black "Akeya-Price, Robert"]
[Result "1/2-1/2"]
[WhiteElo "2003"]
[BlackElo "1942"]
[PlyCount "45"]
[EventDate "2021.11.27"]
[WhiteTeam "Warwickshire Select 1"]
[BlackTeam "Chess.com Manx Liberty"]

1. Nf3 d5 2. c4 e6 3. g3 Nf6 4. Bg2 Be7 5. O-O O-O 6. b3 b6 7. Bb2 Bb7 8. d3
Nbd7 9. Nbd2 c5 10. e3 Rc8 11. Qe2 Qc7 12. Rac1 Qb8 13. Rfd1 Rfd8 14. a3 Ba6
15. a4 e5 16. e4 d4 17. Nh4 g6 18. Bh3 Rc6 19. Rf1 Bc8 20. Ng2 Nf8 21. Bxc8
Qxc8 22. f4 Qg4 23. Rce1 1/2-1/2

[Event "4NCL Division 1 & 2"]
[Site "Milton Keynes, ENG"]
[Date "2021.11.27"]
[Round "1.31"]
[White "Vardaan Nagpal"]
[Black "Clarke, Brandon G I"]
[Result "1/2-1/2"]
[WhiteElo "2384"]
[BlackElo "2430"]
[PlyCount "58"]
[EventDate "2021.11.27"]
[WhiteTeam "Kings Head"]
[BlackTeam "Guildford Young Guns"]

1. d4 Nf6 2. c4 g6 3. Nc3 d5 4. cxd5 Nxd5 5. e4 Nxc3 6. bxc3 Bg7 7. Bc4 c5 8.
Ne2 Nc6 9. Be3 O-O 10. O-O Bg4 11. f3 Na5 12. Bxf7+ Rxf7 13. fxg4 Rxf1+ 14.
Kxf1 Qd6 15. Kg1 Qe6 16. Ng3 Qc4 17. Qd2 Rd8 18. Rd1 Qa4 19. Bf2 Nc6 20. Ne2
cxd4 21. cxd4 Nxd4 22. Bxd4 Bxd4+ 23. Nxd4 e5 24. Qe2 Rxd4 25. Rc1 Rxe4 26.
Rc8+ Kg7 27. Rc7+ Kg8 28. Rc8+ Kg7 29. Rc7+ Kg8 1/2-1/2

[Event "4NCL Division 1 & 2"]
[Site "Milton Keynes, ENG"]
[Date "2021.11.27"]
[Round "1.32"]
[White "Hebden, Mark L"]
[Black "Kenworthy, Gary"]
[Result "1-0"]
[WhiteElo "2449"]
[BlackElo "2261"]
[PlyCount "41"]
[EventDate "2021.11.27"]
[WhiteTeam "Guildford Young Guns"]
[BlackTeam "Kings Head"]

1. d4 Nf6 2. Nf3 g6 3. g3 Bg7 4. Bg2 d6 5. O-O O-O 6. c4 Nbd7 7. Nc3 e5 8. e4
c6 9. h3 a6 10. Qc2 b5 11. Rd1 Re8 12. cxb5 cxb5 13. dxe5 dxe5 14. Bg5 Qb6 15.
a4 Bb7 16. Be3 Qc6 17. axb5 axb5 18. Rxa8 Rxa8 19. Qb3 Nc5 20. Qxf7+ Kxf7 21.
Nxe5+ 1-0

[Event "4NCL Division 1 & 2"]
[Site "Milton Keynes, ENG"]
[Date "2021.11.27"]
[Round "1.33"]
[White "Mackenzie, Colin"]
[Black "Wadsworth, Matthew J"]
[Result "0-1"]
[WhiteElo "2040"]
[BlackElo "2419"]
[PlyCount "70"]
[EventDate "2021.11.27"]
[WhiteTeam "Kings Head"]
[BlackTeam "Guildford Young Guns"]

1. c4 c6 2. g3 d5 3. Bg2 Nf6 4. Nf3 dxc4 5. Na3 b5 6. O-O e6 7. b3 cxb3 8. Qxb3
Bb7 9. Nc4 Qc7 10. Nce5 Bd6 11. Bb2 O-O 12. d4 a5 13. Rac1 h6 14. Rfe1 a4 15.
Qc2 Rc8 16. Nd3 Nbd7 17. e4 Bf8 18. Nc5 a3 19. Ba1 Nxc5 20. dxc5 Nd7 21. Bd4
Ra4 22. Bf1 e5 23. Be3 Be7 24. Bd3 Nf8 25. Qc3 Bf6 26. Bc2 Raa8 27. Bb3 Re8 28.
Rcd1 Bc8 29. Bc1 Bg4 30. Rd6 b4 31. Qe3 Ne6 32. Bxe6 Bxe6 33. Rd2 Red8 34. Red1
Bxa2 35. Rxd8+ Rxd8 0-1

[Event "4NCL Division 1 & 2"]
[Site "Milton Keynes, ENG"]
[Date "2021.11.27"]
[Round "1.35"]
[White "Gilfillan, Andrew"]
[Black "Golding, Alex"]
[Result "0-1"]
[WhiteElo "2009"]
[BlackElo "2321"]
[PlyCount "108"]
[EventDate "2021.11.27"]
[WhiteTeam "Kings Head"]
[BlackTeam "Guildford Young Guns"]

1. e4 e5 2. Nf3 Nc6 3. Bc4 Bc5 4. b4 Bxb4 5. c3 Ba5 6. d4 exd4 7. Qb3 Qe7 8.
O-O d3 9. Bg5 Qf8 10. Re1 Bb6 11. Bxd3 f6 12. Bc1 d6 13. Nbd2 Nge7 14. Nc4 Ng6
15. Nxb6 axb6 16. Nd4 Na5 17. Qd1 Ne5 18. Bb5+ Nec6 19. f4 Qe7 20. Qh5+ Qf7 21.
Qh4 O-O 22. Bd3 Nxd4 23. cxd4 f5 24. e5 Be6 25. exd6 cxd6 26. Ba3 Bc4 27. Bc2
Qd5 28. Bb2 Nc6 29. a3 Rae8 30. Qh5 Rxe1+ 31. Rxe1 Qa5 32. Qd1 Bd5 33. Qe2 Nd8
34. Qe3 Ne6 35. Bc3 Qb5 36. Bd3 Qe8 37. Bb4 Qg6 38. Bf1 Rd8 39. g3 Be4 40. d5
Nc5 41. Bc3 Bxd5 42. Rb1 Be4 43. Rxb6 Na4 44. Bc4+ Kh8 45. Rb5 Nxc3 46. Qxc3 d5
47. Qa5 Qf6 48. Be2 Qd4+ 49. Kf1 Rc8 50. Qe1 Qe3 51. Rxb7 h6 52. Rb2 Rc1 53.
Bd1 Bd3+ 54. Re2 Qf3+ 0-1

[Event "4NCL Division 1 & 2"]
[Site "Milton Keynes, ENG"]
[Date "2021.11.27"]
[Round "1.36"]
[White "Grieve, Harry"]
[Black "Borrowdale, Graham E"]
[Result "1-0"]
[WhiteElo "2320"]
[BlackElo "1999"]
[PlyCount "55"]
[EventDate "2021.11.27"]
[WhiteTeam "Guildford Young Guns"]
[BlackTeam "Kings Head"]

1. d4 e6 2. Nf3 Nf6 3. Bg5 c5 4. e3 Be7 5. Nbd2 b6 6. c3 Bb7 7. Bd3 h6 8. Bh4
O-O 9. O-O Nc6 10. Qb1 cxd4 11. exd4 Nh5 12. Bxe7 Qxe7 13. Re1 Nf4 14. Bf1 f5
15. g3 Nh5 16. Bg2 f4 17. Ne5 fxg3 18. fxg3 Rf6 19. Ng4 Rff8 20. Ne5 Nxe5 21.
Bxb7 Qg5 22. Rxe5 Qxd2 23. Bxa8 Qf2+ 24. Kh1 Nxg3+ 25. hxg3 Qxg3 26. Re2 d5 27.
Qg1 Qh3+ 28. Rh2 1-0

[Event "4NCL Division 1 & 2"]
[Site "Milton Keynes, ENG"]
[Date "2021.11.27"]
[Round "1.41"]
[White "Adair, James R"]
[Black "Cherniaev, Alexander"]
[Result "0-1"]
[WhiteElo "2450"]
[BlackElo "2407"]
[PlyCount "96"]
[EventDate "2021.11.27"]
[WhiteTeam "Chessable White Rose 1"]
[BlackTeam "Barnet Knights A"]

1. e4 e6 2. d4 d5 3. Nc3 Bb4 4. e5 Qd7 5. Qg4 f5 6. Qg3 b6 7. a3 Bxc3+ 8. bxc3
Ba6 9. Bxa6 Nxa6 10. Ne2 Kf7 11. a4 Nb8 12. Nf4 Ne7 13. h4 Nbc6 14. h5 h6 15.
Ba3 Rhe8 16. Rh3 Kg8 17. Qh4 Rf8 18. Rg3 Rf7 19. Kf1 Re8 20. Kg1 Kh7 21. Kh1
Ng8 22. Rg6 Nd8 23. g4 Qxa4 24. g5 Qxc2 25. Rg1 Qxc3 26. gxh6 gxh6 27. R6g3
Qxd4 28. Qh2 Qxf4 29. Rg7+ Rxg7 30. Rxg7+ Kxg7 31. Qxf4 c5 32. Qg3+ Kf8 33. Bc1
Nf7 34. Qa3 Re7 35. Bf4 Ng5 36. Kg2 d4 37. f3 Rc7 38. Kg3 Nf7 39. Kh4 Ne7 40.
Qc1 Kg7 41. Qc4 Nd5 42. Bc1 Kh7 43. Qb5 Re7 44. Qe2 a5 45. Qg2 Nxe5 46. Qg3 f4
47. Qf2 Rf7 48. Kh3 Rf5 0-1

[Event "4NCL Division 1 & 2"]
[Site "Milton Keynes, ENG"]
[Date "2021.11.27"]
[Round "1.42"]
[White "Rocco, Federico"]
[Black "Wells, Peter K"]
[Result "1-0"]
[WhiteElo "2234"]
[BlackElo "2390"]
[PlyCount "75"]
[EventDate "2021.11.27"]
[WhiteTeam "Barnet Knights A"]
[BlackTeam "Chessable White Rose 1"]

1. e4 c5 2. Nf3 d6 3. d4 cxd4 4. Nxd4 Nf6 5. Nc3 a6 6. h3 e5 7. Nde2 h5 8. g3
b5 9. Bg2 Nbd7 10. O-O Bb7 11. a4 Be7 12. axb5 axb5 13. Rxa8 Bxa8 14. Nxb5 Nc5
15. Bg5 Nfxe4 16. Bxe7 Kxe7 17. b4 Ne6 18. Qd3 f5 19. Ra1 Qb6 20. Ra7+ Kf6 21.
Bxe4 Bxe4 22. Qxd6 Qxd6 23. Nxd6 Bxc2 24. Nc3 Rd8 25. Nd5+ Kg6 26. Ne7+ Kf6 27.
Nec8 Bd3 28. b5 Nd4 29. b6 Nf3+ 30. Kh1 Be4 31. b7 Bxb7 32. Rxb7 h4 33. Kg2 e4
34. Rf7+ Ke6 35. Rxg7 hxg3 36. Rg6+ Kd5 37. Ne7+ Kc5 38. Nb7+ 1-0

[Event "4NCL Division 1 & 2"]
[Site "Milton Keynes, ENG"]
[Date "2021.11.27"]
[Round "1.43"]
[White "Palliser, Richard J D"]
[Black "Villiers, Thomas"]
[Result "1-0"]
[WhiteElo "2412"]
[BlackElo "2304"]
[PlyCount "53"]
[EventDate "2021.11.27"]
[WhiteTeam "Chessable White Rose 1"]
[BlackTeam "Barnet Knights A"]

1. d4 Nf6 2. c4 g6 3. Nc3 Bg7 4. e4 d6 5. h3 O-O 6. Be3 c5 7. Nf3 Qa5 8. Bd3
Nbd7 9. O-O e5 10. dxe5 Nxe5 11. Nxe5 dxe5 12. Nd5 Nxd5 13. cxd5 Bd7 14. a3
Rfc8 15. Rc1 Bf8 16. f4 exf4 17. Bxf4 Qb6 18. Qf3 Qxb2 19. e5 Be8 20. e6 c4 21.
Rxc4 Rxc4 22. Bxc4 fxe6 23. dxe6 Be7 24. Bh6 Qxa3 25. Qxa3 Bxa3 26. e7+ Kh8 27.
Rf8# 1-0

[Event "4NCL Division 1 & 2"]
[Site "Milton Keynes, ENG"]
[Date "2021.11.27"]
[Round "1.44"]
[White "Smith, Andrew Philip"]
[Black "Ashton, Adam G"]
[Result "0-1"]
[WhiteElo "2195"]
[BlackElo "2379"]
[PlyCount "74"]
[EventDate "2021.11.27"]
[WhiteTeam "Barnet Knights A"]
[BlackTeam "Chessable White Rose 1"]

1. e4 e5 2. d4 exd4 3. Qxd4 Nc6 4. Qe3 Nf6 5. Nc3 Bb4 6. Bd2 O-O 7. O-O-O Re8
8. Bc4 d6 9. f3 Be6 10. Bxe6 Rxe6 11. Qg5 Re5 12. Qg3 Qe7 13. Nge2 d5 14. exd5
Nxd5 15. Nxd5 Rxd5 16. Bh6 Rxd1+ 17. Rxd1 Qf6 18. Bg5 Qe6 19. Nc3 Bxc3 20. bxc3
Re8 21. Qxc7 h6 22. Bf4 Re7 23. Qd6 Qxa2 24. Qd3 Re8 25. Bc7 Re7 26. Bg3 a5 27.
Re1 Rxe1+ 28. Bxe1 Ne5 29. Qb5 Nc4 30. Qb1 Qa3+ 31. Kd1 Qd6+ 32. Ke2 Qe5+ 33.
Kf2 b5 34. Kg1 a4 35. h3 a3 36. Bf2 Qxc3 37. Bc5 a2 0-1

[Event "4NCL Division 1 & 2"]
[Site "Milton Keynes, ENG"]
[Date "2021.11.27"]
[Round "1.45"]
[White "Chow, Samuel"]
[Black "Stoica, Savas Marin"]
[Result "1/2-1/2"]
[WhiteElo "2406"]
[BlackElo "2120"]
[PlyCount "78"]
[EventDate "2021.11.27"]
[WhiteTeam "Chessable White Rose 1"]
[BlackTeam "Barnet Knights A"]

1. d4 Nf6 2. c4 g6 3. Nc3 d5 4. Nf3 Bg7 5. Qb3 dxc4 6. Qxc4 O-O 7. e4 a6 8. Be2
b5 9. Qb3 Bb7 10. e5 Nd5 11. h4 c5 12. dxc5 Nd7 13. c6 Bxc6 14. Nxd5 Nc5 15.
Qc2 Qxd5 16. Bg5 Rfc8 17. O-O Bb7 18. Bxe7 Nd7 19. Qd1 Nxe5 20. Qxd5 Bxd5 21.
Nxe5 Bxe5 22. Rad1 Bxa2 23. b4 Bc4 24. Bf3 Ra7 25. Bc5 Rxc5 26. bxc5 Bxf1 27.
Kxf1 a5 28. Rd5 Bf6 29. c6 b4 30. Rb5 Kf8 31. h5 Ke7 32. hxg6 hxg6 33. Bd1 Kd6
34. Ba4 Bd8 35. Ke2 Re7+ 36. Kd2 Bc7 37. Kd3 f6 38. Kd4 Re5 39. Rxe5 fxe5+
1/2-1/2

[Event "4NCL Division 1 & 2"]
[Site "Milton Keynes, ENG"]
[Date "2021.11.27"]
[Round "1.46"]
[White "Ethelontis, Alexandros N"]
[Black "Han, Yichen"]
[Result "0-1"]
[WhiteElo "2110"]
[BlackElo "2306"]
[PlyCount "122"]
[EventDate "2021.11.27"]
[WhiteTeam "Barnet Knights A"]
[BlackTeam "Chessable White Rose 1"]

1. c4 e5 2. g3 c6 3. Nf3 e4 4. Nd4 d5 5. cxd5 Qxd5 6. Nc2 Nf6 7. Nc3 Qe5 8. Bg2
Be7 9. Ne3 Na6 10. b3 Nd5 11. Bb2 Nxe3 12. fxe3 Bf5 13. Qb1 Qe6 14. Nxe4 O-O-O
15. a3 Rhe8 16. Rf1 Bg6 17. Qc2 f5 18. Nf2 Bd6 19. Nd3 f4 20. gxf4 Qg4 21. Rf2
Qh4 22. b4 Nc7 23. Qa4 Bxd3 24. exd3 Bxf4 25. b5 Bg3 26. Qxh4 Bxh4 27. Ke2 Bxf2
28. Kxf2 Rxd3 29. Ke2 Rb3 30. Bxg7 Rxb5 31. Bd4 Rh5 32. h3 Nb5 33. Bb2 Rg8 34.
Be4 Nd6 35. Bf3 Rxh3 36. Be5 Nc4 37. Bf4 Nxd2 38. Kxd2 Rxf3 39. Rh1 Rf2+ 40.
Kc3 Rg7 41. Rh6 Rfg2 42. Rf6 Rg8 43. Rf7 R2g7 44. Rf5 Re7 45. a4 Rh8 46. Rh5
Re4 47. a5 h6 48. Rf5 Re7 49. Rf6 h5 50. a6 h4 51. Kd4 h3 52. Bh2 Rd8+ 53. Kc4
Re4+ 54. Kc3 Rxe3+ 55. Kc4 b5+ 56. Kb4 Rd4+ 57. Kc5 Rc4+ 58. Kd6 Rd3+ 59. Ke6
Rc2 60. Be5 Rd8 61. Rh6 Re8+ 0-1